000 00362nam a2200157Ia 4500
005 20250411062744.0
008 240331s9999 xx 000 0 und d
020 _a9552090385
082 _bNAN
_a891
100 _aNandamithra,N
245 0 _aGanthera theraniya
260 _aColombo
_bGodake & Sons
_c2006
300 _a144 p .,
650 _aNovel
942 _cL
999 _c5351
_d5351